Statistics for Wars Involving Mali

Click here to take the quiz!

General Stats

  • This quiz has been taken 3 times
  • The average score is 3 of 5

Answer Stats

HintAlliesEnemiesResultAnswer% Correct
2012-PresentFrance
Germany
ECOWAS
Malian Militias
Malian Rebels
Various Islamic Extremists
OngoingMali War
100%
1962-1964NoneTuareg RebelsVictory1st Tuareg Rebellion
67%
1990-1995NigerTuareg RebelsCeasefire2nd Tuareg Rebellion
67%
2007-2009NigerTuareg RebelsVictory3rd Tuareg Rebellion
67%
1985NoneBurkina FasoCeasefireAgacher Strip War
33%

Score Distribution

Percentile by Number Answered

Percent of People with Each Score

Your Score History

You have not taken this quiz